Robbins & Kumar Basic Pathology/ (Record no. 37175)

MARC details
000 -LEADER
fixed length control field 00582nam a22002177a 4500
005 - DATE AND TIME OF LATEST TRANSACTION
control field 20260505124832.0
008 - FIXED-LENGTH DATA ELEMENTS--GENERAL INFORMATION
fixed length control field 260505b |||||||| |||| 00| 0 eng d
020 ## - INTERNATIONAL STANDARD BOOK NUMBER
ISBN 978-0-323-79018-5
082 ## - DEWEY DECIMAL CLASSIFICATION NUMBER
Classification number 616.07
Item number KUM-R
100 ## - MAIN ENTRY--AUTHOR
Author Name Kumar; Vinay
245 ## - TITLE STATEMENT
Title Robbins & Kumar Basic Pathology/
250 ## - EDITION STATEMENT
Edition statement 11th.ed
260 ## - PUBLICATION, DISTRIBUTION, ETC.
Place of Publication Pakistan:
Name of publisher, distributor, etc. Zubair Book Depot ;
Date of publication, distribution, etc. 2023.
300 ## - PHYSICAL DESCRIPTION
Pages ix, 828p. ill.;28cm
500 ## - GENERAL NOTE
General note Include Index.
650 ## - SUBJECT ADDED ENTRY--TOPICAL TERM
Subject / Department Medical / Pathology.
700 ## - ADDED ENTRY--PERSONAL NAME
Personal name Abbas, Abul K.,
700 ## - ADDED ENTRY--PERSONAL NAME
Personal name Aster, Jon C.,
700 ## - ADDED ENTRY--PERSONAL NAME
Personal name Deyrup, Andrea T.,
952 ## - LOCATION AND ITEM INFORMATION (KOHA)
-- 0
-- 0
952 ## - LOCATION AND ITEM INFORMATION (KOHA)
-- 0
-- 0
Holdings
Lost status Damaged status Collection code Permanent Location Current Location Shelving Location Date acquired Full Call Number Accession No./Barcode Date last seen Copy number item type Koha item type
    Medical Superior Information Resource Center (SIRC) Superior University- Central Library Superior Information Resource Center (SIRC) Superior University- Central Library Pathology (D-L) 05/05/2026 616.07 KUM-R 2023 29943 05/05/2026 1 BOOK BOOK
    Medical Superior Information Resource Center (SIRC) Superior University- Central Library Superior Information Resource Center (SIRC) Superior University- Central Library Pathology (D-L) 05/05/2026 616.07 KUM-R 2023 29944 05/05/2026 2 BOOK BOOK

Powered by Koha